• 首页
  • 本馆介绍
  • 公告通知
  • 最新文献
  • 馆藏检索
  • 电子资源
  • 读者导购
  • 参考咨询
  • 我的图书馆
  • 登录
  • 详细信息显示
  • 放入我的书架
  • 预约/预借图书
  • 作者相关作品
  • 分类相关作品
  • 丛书相关作品
  • 出版社相关作品

书目信息

  • 表格格式
  • 工作单格式
  • 卡片格式
题名:
电工电子技术
    
 
作者: 李景民 , 刘燕 , 苏琦 主编
分册:  
出版信息: 长春   吉林科学技术出版社  2022.08
页数: 222页
开本: 26cm
丛书名:
单 册:
中图分类: TM , TN01
科图分类:
主题词: 电工技术--dian gong ji shu , 电子技术--dian zi ji shu
电子资源:
ISBN: 978-7-5578-9365-1
000 01118nam0 2200289 450
001 CAL 012022036578
005 20230303115930.90
010    @a978-7-5578-9365-1@dCNY58.00
100    @a20221020d2022 em y0chiy0120 ea
101 0  @achi
102    @aCN@b220000
105    @aa a 000yy
106    @ar
200 1  @a电工电子技术@Adian gong dian zi ji shu@f李景民, 刘燕, 苏琦主编
210    @a长春@c吉林科学技术出版社@d2022.08
215    @a222页@c图@d26cm
320    @a有书目 (第221-222页)
330    @a本书包括电气自动化控制技术概述、电气控制的基本环节、电气自动化控制系统设计过程中涉及的技术与装置研究、电气自动化控制系统的设计思想及构成研究、自动化控制系统中的变频器与常用控制驱动装置研究、控制系统的伺服驱动器研究、可编程控制器基础、可编程控制器程序设计方法、PLC控制系统设计研究、电气自动化工程的应用等内容。
606 0  @a电工技术@Adian gong ji shu
606 0  @a电子技术@Adian zi ji shu
690    @aTM@v5
690    @aTN01@v5
701  0 @a李景民@Ali jing min@4主编
701  0 @a刘燕@Aliu yan@4主编
701  0 @a苏琦@Asu qi@4主编
801  0 @aCN@bBJXHZP@c20230228
905    @b1386571-4@dTM@e215@f4
    
    电工电子技术/李景民, 刘燕, 苏琦主编.-长春:吉林科学技术出版社,2022.08
    222页:图;26cm
    
    
    ISBN 978-7-5578-9365-1:CNY58.00
    本书包括电气自动化控制技术概述、电气控制的基本环节、电气自动化控制系统设计过程中涉及的技术与装置研究、电气自动化控制系统的设计思想及构成研究、自动化控制系统中的变频器与常用控制驱动装置研究、控制系统的伺服驱动器研究、可编程控制器基础、可编程控制器程序设计方法、PLC控制系统设计研究、电气自动化工程的应用等内容。
●
相关链接 在E读中查询图书 在五车中查询图书 在当当中查询图书 在豆瓣中查询图书


正题名:电工电子技术     索取号:TM/215         预约/预借

序号 登录号 条形码 馆藏地/架位号 状态 备注
1 1386571   213865717   第二样本阅览室/ [索取号:TM/215] 在馆    
2 1386572   213865726   第三借阅区/ [索取号:TM/215] 在馆    
3 1386573   213865735   第三借阅区/ [索取号:TM/215] 在馆    
4 1386574   213865744   第三借阅区/ [索取号:TM/215] 在馆    
唐山师范学院图书馆 欢迎您!
大连网信软件有限公司© 版权所有